Countries Closest to Alaska - Statistics

General Stats
  • This quiz has been taken 123,226 times
    121,691 since last reset
  • The average score is 15 of 20
Answer Stats
km country miles % Correct
0 Canada 0
99%
4 Russia 2
99%
2195 Japan 1364
94%
2677 China 1663
93%
2689 Mexico 1671
90%
3291 North Korea 2045
89%
3703 South Korea 2301
89%
2135 Denmark (Greenland) 1327
82%
3740 Mongolia 2324
80%
5169 United Kingdom 3212
80%
4163 Iceland 2587
73%
4170 Norway 2591
71%
4407 Sweden 2739
70%
4289 Finland 2665
69%
4940 France (St. Pierre & Miquelon) 3070
66%
5200 Taiwan 3231
65%
5226 Cuba 3247
59%
5165 Bahamas 3209
49%
5251 F.S. Micronesia 3263
30%
4644 Marshall Islands 2886
24%
No matching quizzes found
Score Distribution
Percent of People with Each Score
Percentile by Number Answered
Your Score History
You have not taken this quiz since the last reset